| 000 | 00819nam a2200169 a 4500 | ||
|---|---|---|---|
| 008 | 070323s2006 xx |||||||||||||| || u | ||
| 050 | _aTHESIS | ||
| 100 | _aPhiri, Jethro M. K | ||
| 245 | 1 | 2 |
_aA plant to produce concetrated hydrochloric acid from sodium chioride and sulphuric acid with 95 percent plant attainment _cthesis supervised by Ntengwe, F.W |
| 260 |
_a _bCopperbelt University,School Of Technology,Chemical Engineering Department _c2006 |
||
| 350 | _a0.00 | ||
| 650 | _aCHEMICAL PROCESSES--SODIUM CHLORIDE | ||
| 650 | 0 | _aCHEMISTRY--HANDBOOKS, MANUALS, ETC | |
| 650 | _aCHEMICAL PROCESSES--SULPHURIC ACID | ||
| 650 | _aCHEMICAL PROCESSES--HYDROCHLORIC | ||
| 995 |
_D0.00 _FCBU-MAIN LIBRARY (Kitwe) _H1 _I0.00 _M1 _UAVAILABLE _WMar 23, 2007 _ZUniversity Collection |
||
| 999 |
_c53760 _d53760 |
||